000 00269 a2200085 4500
999 _c21195
_d21195
003 WA 310
005 20211227143440.0
008 211227s2002 pl a|||f u||| 000 0 pol d
020 _a8323675937
040 _aWA 310
_cWA 310
041 _apol
_heng
245 0 0 _aKołnierze falowodów - Część 1: Wymagania ogólne =
_bFlanges for waveguides - Part 1: General requirements (IEC 60154-1:1982) PN-EN 60154-1:2002P /
_cNKP nr 241.
246 1 3 _aPN-EN 60154-1
246 1 3 _aICS 33.120.10
246 1 3 _aPolska Norma
246 3 1 _aFlanges for waveguides - Part 1: General requirements (IEC 60154-1:1982)
260 _aWarszawa :
_bPKN,
_c2002.
300 _a24 stron :
_bilustracje ;
_c30 cm.
336 _2rdacontent
_aTekst
_btxt
337 _2rdamedia
_aBez urządzenia pośredniczącego
_bn
338 _2rdacarrier
_aWolumin
_bnc
500 _aWprowadza EN 60154-1:1994+A1:1994, IDT, IEC 60154-1:1982+A1:1993, IDT ; Zatwierdzona 6 lutego 2002 r.
500 _aNorma Europejska EN 60154-1:1994 z wprowadzoną zmianą A1:1994 [...] ma status Polskiej Normy.
590 _6Status: wycofana ; Zastąpiona przez PN-EN 60154-1:2016-10 wersja angielska.
710 _91107
_aPolska.
_bPolski Komitet Normalizacyjny.
_eInstytucja sprawcza
_eWydawca
920 _a83-236-7593-7
942 _2ddc
_cBK